Statistiques concernant Les jeux Ubisoft

Cliquez ici pour prendre le quiz!

Statistiques générales

  • Ce quiz a été pris 60 fois
  • Le résultat moyen est 22 sur 102

Statistiques - réponses

AnnéeNom du jeu% Correct
2007Assassin's Creed
86%
2013Assassin's Creed 4 Black Flag
67%
2020Assassin's Creed Valhalla
67%
2012Assassin's Creed 3
63%
2018Assassin's Creed Odyssey
63%
2014Assassin's Creed Unity
61%
2009Assassin's Creed 2
59%
2017Assassin's Creed Origin
59%
2008Far Cry 2
57%
2012Far Cry 3
57%
2014Far Cry 4
55%
2018Far Cry 5
55%
1995Rayman
55%
2021Far Cry 6
51%
2010Assassin's Creed Brotherhood
45%
2015Tom Clancy's Rainbow Six Siege
45%
2015Assassin's Creed Syndicate
39%
2005Far Cry Instincts
39%
2016Far Cry Primal
37%
1999Rayman 2 The Great Escape
37%
2003Rayman 3 Hoodlum Havoc
35%
2013Rayman Legends
35%
2002Tom Clancy's Splinter Cell
31%
2014Watch Dogs
31%
2014Assassin's Creed Rogue
29%
2016Watch Dogs 2
29%
2014The Crew
27%
2008Prince of Persia
25%
2003Prince of Persia Les Sables du Temps
25%
2020Watch Dogs Legion
25%
2009Just Dance
24%
2018The Crew 2
24%
2019Tom Clancy's Ghost Recon Breakpoint
24%
2010Just Dance 2
22%
2014Just Dance 2015
22%
2015Just Dance 2016
22%
2016Just Dance 2017
22%
2017Just Dance 2018
22%
2018Just Dance 2019
22%
2020Just Dance 2021
22%
2021Just Dance 2022
22%
2012Just Dance 4
22%
2016Steep
22%
2017Tom Clancy's Ghost Recon Wildlands
22%
2005Tom Clancy's Splinter Cell Chaos Theory
22%
2004Tom Clancy's Splinter Cell Pandora Tomorrow
22%
2011Assassin's Creed Revelations
20%
2019Far Cry New Dawn
20%
2022Just Dance 2023
20%
2011Just Dance 3
20%
2011Rayman Origins
20%
2006Tom Clancy's Ghost Recon Advance Warfighter
20%
2022Tom Clancy's Rainbow Six Extraction
20%
2013Just Dance 2014
18%
2019Just Dance 2020
18%
2006Rayman Contre les Lapins Crétins
18%
2021Riders Republic
18%
2016Tom Clancy's The Division
18%
2019Tom Clancy's The Division 2
18%
2017For Honor
16%
2019Anno 1800
14%
2023 ?Skull and Bones
14%
2003Beyond Good and Evil
12%
2013Far Cry 3 Blood Dragon
12%
2004Prince of Persia L'Âme du Guerrier
12%
2005Prince of Persia Les Deux Royaumes
12%
2003XIII
12%
2006Tom Clancy's Rainbow Six Vegas
10%
2013Tom Clancy's Splinter Cell Blacklist
10%
2010Tom Clancy's Splinter Cell Conviction
10%
2017Mario et Les Lapins Crétins Kingdom Battle
8%
2022Roller Champions
8%
2008Tom Clancy's Rainbow Six Vegas 2
8%
2012Assassin's Creed 3 Liberation
6%
2014Child of Light
6%
2020Immortals Fenyx Rising
6%
2014Monopoly Plus
6%
2006Tom Clancy's Splinter Cell Double Agent
6%
2020Hyper Scape
4%
2009James Cameron's Avatar
4%
2005King Kong
4%
2014Les Lapins Crétins Invasion
4%
2010Prince of Persia Les Sables Oubliés
4%
2007Rayman Contre les Lapins Encore plus Crétins
4%
2014Soldats Inconnus Mémoires de la Grande Guerre
4%
2017South Park L'Annale du Destin
4%
2009The Lapins Crétins La Grosse Aventure
4%
2007Tom Clancy's Ghost Recon Advance Warfighter 2
4%
2011Anno 2070
2%
2015Anno 2205
2%
2006Far Cry Vengeance
2%
2022 ?Mario et les Lapins Crétins Sparks of Hope
2%
2018Starlink Battle for Atlas
2%
2007TMNT: Les Tortues Ninjas
2%
2008Tom Clancy's Endwar
2%
2012ZombiU
2%
2012I Am Alive
0%
2011Les Aventures de Tintin Le Secret de la Licorne
0%
2008Lost Les Disparus
0%
2010Shaun White Skateboarding
0%
2008Shaun White Snowbording
0%
2019Space Junkies
0%

Distribution des résultats

Percentile par nombre de réponses

% des personnes avec chaque résultat

Votre développement - résultats

Vous n’avez pas pris ce quiz